Manual del proyecto de desarrollo cooperativo

Furkejuvvon:
Bibliográfalaš dieđut
Váldodahkkit: Rubio, Héctor (Dahkki), Silva, Pablo (Dahkki)
Materiálatiipa: Girji
Giella:espánnjágiella
Almmustuhtton: Santiago Confecoop 1985
Fáttát:
Fáddágilkorat: Lasit fáddágilkoriid
Eai fáddágilkorat, Lasit vuosttaš fáddágilkora!

MARC

LEADER 00000nam a2200000 a 4500
001 UCW6296
003 CL-VaPUC
008 911119e19850000CL |||||||||||||||||spa|d
082 0 4 |a 334  |b RUB  |2 21 
100 0 |a Rubio, Héctor  |e author  |9 311344 
700 0 |a Silva, Pablo  |e author  |9 311345 
245 1 0 |a Manual del proyecto de desarrollo cooperativo 
300 |a 38 p 
942 |c BK 
945 |d 19911119 00:00:00 
260 |a Santiago  |b Confecoop  |c 1985 
650 7 |a COOPERATIVISMO  |2 CL-VaPUC  |9 311346 
583 |a last modification  |c 19911119 00:00:00  |k Rodrigo Vera 
999 |c 219412  |d 219410 
952 |0 0  |1 0  |4 0  |6 334_000000000000000_RUB_1985  |7 0  |8 A  |9 210327  |a BIBEDU  |b BIBEDU  |d 2019-11-15  |i 2784068  |o 334 RUB 1985  |p 2784068  |r 2019-11-15  |w 2019-11-15  |y BK  |k EDU